MARC

LEADER 00000nam0a2200000 4500
001 88510
005 20231031102649.0
020 |a RU 
035 |a (RuTPU)RU\TPU\book\94994 
090 |a 88510 
100 |a 20051226d1970 m y0rusy5003 ca 
101 0 |a rus 
102 |a RU 
105 |a a z 001zy 
200 1 |a Исследование теплопроводности жидкостей  |f Л. П. Филиппов 
210 |a Москва  |c Изд-во Московского ун-та  |d 1970 
215 |a 240 с.  |c ил. 
320 |a Библиогр.: с. 228-237. 
610 1 |a жидкости 
610 1 |a теплопроводность 
610 1 |a исследование 
610 1 |a методы измерения 
610 1 |a жидкие металлы 
610 1 |a растворы 
675 |a 536.2  |z rus 
700 1 |a Филиппов  |b Л. П.  |g Лев Петрович 
801 0 |a RU  |b RuMRKP  |c 19960705  |g psbo 
801 1 |a RU  |b 63413507  |c 20051226  |g PSBO 
801 2 |a RU  |b 63413507  |c 20150330  |g PSBO 
942 |c BK